000
00309nam a22001457a 4500
008
210311b ||||| |||| 00| 0 eng d
020
_a
0443002266
041
_a
eng
080
_2
2nd
_a
61
082
_a
61
100
_a
3
101
_a
SHM
245
_a
Extensile Exposure
_c
Henry, A. K
942
_2
udc
_c
BK
999
_c
56346
_d
56346